| 000 | 00380nam a2200157Ia 4500 | ||
|---|---|---|---|
| 008 | 230524s9999 xx 000 0 und d | ||
| 082 |
_a330 _bSAM |
||
| 100 | _aSampat Mukherjee | ||
| 245 | 0 | _aBusiness & Management Economics | |
| 250 | _a7TH | ||
| 260 |
_aCALCUTTA _bNew Cental _c1998 |
||
| 300 | _aXII;902 | ||
| 500 | _aQuantity Number: 2 | ||
| 650 | _aEconomics | ||
| 942 | _cBK | ||
| 999 |
_c4812 _d4812 |
||